| 000 | 00000nam##2200000za#4500 |
| 001 | 9.650587 |
| 003 | CaOODSP |
| 005 | 20210615114434 |
| 007 | ta |
| 008 | 150407|2007||||xxc||||| f|0| 0 eng|d |
| 020 | |a978-0-662-45362-8 |
| 040 | |aCaOODSP|beng |
| 043 | |an-cn--- |
| 086 | 1 |aM144-145/2-2007E |
| 110 | 1 |aCanada.|bNatural Resources Canada. |bOffice of Energy Efficiency. |
| 245 | 10|aHome comfort |
| 246 | 1 |iTitle also cited as : |aEnergy Star home comfort |
| 260 | |aOttawa - Ontario : |bNatural Resources Canada. |cUpdated March 2007. |
| 300 | |a1 sheet ([2]p. ; |c28 cm. |
| 500 | |aAt head of title: Ecoenergy - using less, living better. |
| 563 | |aPamphlet |
| 590 | |a07-17|b2007-04-27 |
| 690 | 07|aConsumer products|2gcpds |
| 690 | 07|aEnergy use|2gcpds |
| 775 | 08|tLe confort au foyer |w(CaOODSP)9.683683 |
| 776 | 0#|tHome comfort |w(CaOODSP)9.689544 |